Database management [cds] (Record no. 322528)
[ view plain ]
| 000 -LEADER | |
|---|---|
| fixed length control field | 00321 a2200133 4500 |
| 001 - CONTROL NUMBER | |
| control field | 87455 |
| 082 ## - DEWEY DECIMAL CLASSIFICATION NUMBER | |
| Classification number | N-3567 |
| 090 ## - LOCALLY ASSIGNED LC-TYPE CALL NUMBER (OCLC); LOCAL CALL NUMBER (RLIN) | |
| -- | 41033 |
| -- | 41033 |
| 100 ## - MAIN ENTRY--PERSONAL NAME | |
| Personal name | Nayyer, Dr |
| 245 ## - TITLE STATEMENT | |
| Title | Database management [cds] |
| Name of part/section of a work | CAE9 Cds set |
| Remainder of title | CS403 |
| 260 ## - PUBLICATION, DISTRIBUTION, ETC. | |
| Place of publication, distribution, etc. | Lahore |
| Name of publisher, distributor, etc. | 2005 |
| Date of publication, distribution, etc. | Virtual University |
| 500 ## - GENERAL NOTE | |
| General note | CD/DVD |
| 520 ## - SUMMARY, ETC. | |
| Summary, etc. | video library |
| 942 ## - ADDED ENTRY ELEMENTS (KOHA) | |
| Institution code [OBSOLETE] | CAE NUST |
| Call number prefix | N-3567 |
| Withdrawn status | Lost status | Damaged status | Not for loan | Collection code | Permanent Location | Current Location | Date acquired | Total Checkouts | Full call number | Barcode | Date last seen | Price effective from | Koha item type |
|---|---|---|---|---|---|---|---|---|---|---|---|---|---|
| College of Aeronautical Engineering (CAE) | College of Aeronautical Engineering (CAE) | 04/03/2017 | N-3567 | CAEN-3567 | 04/05/2017 | 04/05/2017 | Book | ||||||
| College of Aeronautical Engineering (CAE) | College of Aeronautical Engineering (CAE) | 04/03/2017 | N-3567 | CAEN-3567/8 | 04/05/2017 | 04/05/2017 | Book | ||||||
| College of Aeronautical Engineering (CAE) | College of Aeronautical Engineering (CAE) | 04/03/2017 | N-3567 | CAEN-3567/7 | 04/05/2017 | 04/05/2017 | Book | ||||||
| College of Aeronautical Engineering (CAE) | College of Aeronautical Engineering (CAE) | 04/03/2017 | N-3567 | CAEN-3567/6 | 04/05/2017 | 04/05/2017 | Book | ||||||
| College of Aeronautical Engineering (CAE) | College of Aeronautical Engineering (CAE) | 04/03/2017 | N-3567 | CAEN-3567/5 | 04/05/2017 | 04/05/2017 | Book | ||||||
| College of Aeronautical Engineering (CAE) | College of Aeronautical Engineering (CAE) | 04/03/2017 | N-3567 | CAEN-3567/4 | 04/05/2017 | 04/05/2017 | Book | ||||||
| College of Aeronautical Engineering (CAE) | College of Aeronautical Engineering (CAE) | 04/03/2017 | N-3567 | CAEN-3567/3 | 04/05/2017 | 04/05/2017 | Book | ||||||
| College of Aeronautical Engineering (CAE) | College of Aeronautical Engineering (CAE) | 04/03/2017 | N-3567 | CAEN-3567/2 | 04/05/2017 | 04/05/2017 | Book | ||||||
| College of Aeronautical Engineering (CAE) | College of Aeronautical Engineering (CAE) | 04/03/2017 | N-3567 | CAEN-3567/1 | 04/05/2017 | 04/05/2017 | Book |
